01193pab a2200157 454500008004000000100001600040245009600056260000900152300001400161362001100175520078100186650001100967700001500978700001800993773002401011180718b2002 xxu||||| |||| 00| 0 eng d aDayan, Kobi aEntry-level police candidate assessment center: an efficient tool or a hammer to kill a fly c2002 ap.827-49. aWinter aThe study examined the validity of the assessment center (AC) as a selection process for entry-level candidates to the police and its unique value beyond cognitive ability tests. The sample included 712 participants who responded to personality and cognitive ability testing (CAT), and underwent an AC procedure. AC results included the overall assessment rating (OAR) and peer evaluation (PE). Seven criterion measures were collected for 585 participants from a training stage and on-the-job performance. Results showed that the selection system was valid. Findings yielded significant unique validities of OAR and PE beyond CAT and of PE beyond OAR even after corrections for restriction of range. Results support the use of ACs for entry level candidates. - Reproduced. aPolice aFox, Shaul aKasten, Ronen aPersonnel Pschology